Statistics for Athletes Who Wore #8

Click here to take the quiz!

General Stats

  • This quiz has been taken 27 times
  • The average score is 10 of 20

Answer Stats

TeamYearsPlayer% Correct
Los Angeles Lakers1997-2006Kobe Bryant
79%
Baltimore Ravens2018-Lamar Jackson
79%
Minnesota Vikings2018-Kirk Cousins
75%
Dallas Cowboys1989-2000Troy Aikman
71%
Washington Capitals2005-Alexander Ovechkin
67%
New York
Giants
2019-Daniel Jones
63%
Chicago Bulls2017-Zach Lavine
63%
Baltimore Orioles1981-2001Cal Ripken Jr.
58%
Oregon Football2011-2014Marcus Mariota
46%
New York Yankees1948-1963Yogi Berra
46%
Chelsea FC2001-2014Frank Lampard
42%
Milwaukee Brewers2007-2020Ryan Braun
38%
Anaheim Ducks1995-2001, 2005-2014Teemu Selanne
38%
New Orleans Saints1971-1982Archie Manning
33%
Boston Red Sox1961-1983Carl Yastrzemski
33%
Nascar1999-2007Dale Earnhardt Jr.
33%
Cincinnati Reds1972-1979Joe Morgan
33%
Pittsburgh Pirates1962-1982Willie Stargell
33%
Los Angeles Kings2009-Drew Doughty
21%
Manchester United2013-2022Juan Mata
17%

Score Distribution

Percentile by Number Answered

Percent of People with Each Score

Your Score History

You have not taken this quiz